00978nam a22002297a 450000500170000000800410001702000150005805000200007310000210009324000670011424501980018125000110037926000560039030000280044650400510047465000430052565000410056865000260060970000240063570000360065970000530069520260213134837.0260213b mx ||||| |||| 00| 0 spa d a970613617704aHD53 bL46 20011 aLeonard, Dorothy1 aWhen sparks fly- Igniting creativity in groups.h lEspañol10aCuando se enciende la chispa b : cómo iniciar la creatividad de grupo c / Dorothy Leonard, Walter Swap ; traducción Esther Sada Díaz ; revisión técnica Nicolás Rodríguez Perego. a1a ed. aMéxico :bOxford University Press México,c2001 axi, 222 p. ;b c23 cm. aIncluye bibliografía : p. 205-210 e índice 72lembaAptitud creadora en los negocios 72lembaEquipos en el lugar de trabajo 72lembaGrupos sociales1 aSwap, Waltereautor1 aSada Díaz, Estheretraductor 1 aRodríguez Perego, Nicoláserevisor técnico